[Event "St. Pauli Open"]
[Site "Hamburg"]
[Date "2011.07.11"]
[Round "4.56"]
[White "Freter, Anke"]
[Black "Hinrichs, Jan"]
[Result "0-1"]
[WhiteElo "1936"]
[BlackElo "1947"]
[PlyCount "82"]
[EventDate "2011.??.??"]
[WhiteTeam "SK Norderstedt von 1975"]
[BlackTeam "Hamburger SK von 1830 eV"]

1. e4 c5 2. Nf3 Nf6 3. Nc3 d5 4. exd5 Nxd5 5. Bb5+ Bd7 6. Bxd7+ Qxd7 7. O-O Nc6
8. Re1 e6 9. d4 O-O-O 10. Nxd5 Qxd5 11. c3 cxd4 12. cxd4 Nxd4 13. Qxd4 Qxd4 14.
Nxd4 Rxd4 15. Be3 Rd5 16. Bxa7 Bd6 17. h3 Kd7 18. Red1 Be5 19. Rxd5+ exd5 20.
Rd1 Ra8 21. Rxd5+ Ke6 22. Ra5 Bxb2 23. Bb6 Rxa5 24. Bxa5 Kd5 25. Kf1 Kc4 26.
Ke2 Bc3 27. Bc7 Bd4 28. f4 Kc3 29. g4 b5 30. h4 Kb2 31. Kd3 Bf2 32. Be5+ Kxa2
33. Bxg7 Bxh4 34. Bc3 Be7 35. Bd2 b4 36. Bxb4 Bxb4 37. Ke4 Kb3 38. Kf5 Be7 39.
g5 Kc4 40. Kg4 Kd5 41. f5 Ke5 0-1

[Event "St. Pauli Open"]
[Site "Hamburg"]
[Date "2011.07.11"]
[Round "4.57"]
[White "Richter, Thomas"]
[Black "Klügel, Jan"]
[Result "1-0"]
[WhiteElo "1842"]
[BlackElo "1942"]
[PlyCount "107"]
[EventDate "2011.??.??"]
[WhiteTeam "Barmbeker SK 1926 eV"]
[BlackTeam "SV VHS Rendsburg"]

1. e4 c6 2. f4 d5 3. Nf3 dxe4 4. Ng5 Nf6 5. Bc4 e6 6. Qe2 Bc5 7. Nxe4 Nxe4 8.
Qxe4 Qd4 9. Qxd4 Bxd4 10. c3 Bf6 11. d4 Nd7 12. Be3 Nb6 13. Nd2 Nd5 14. Bxd5
cxd5 15. O-O b6 16. a4 Ba6 17. Rf2 O-O 18. Nf3 Rfc8 19. g4 Bd3 20. g5 Be7 21.
Ne5 Be4 22. h4 f6 23. Nf3 Rf8 24. Nd2 Bd3 25. a5 Rfc8 26. Nb3 Bc4 27. Nc1 Bd8
28. axb6 axb6 29. Rxa8 Rxa8 30. f5 Kf7 31. fxe6+ Kxe6 32. Kg2 fxg5 33. hxg5 Ra7
34. b3 Bb5 35. Ne2 Bxe2 36. Rxe2 Kf5 37. Bd2 Ra2 38. Kf3 Bc7 39. Rf2 Bf4 40.
Bxf4 Rxf2+ 41. Kxf2 Kxf4 42. c4 dxc4 43. bxc4 Ke4 44. d5 Ke5 45. Ke3 g6 46. Kd3
b5 47. cxb5 Kxd5 48. b6 Kc6 49. Ke4 Kxb6 50. Ke5 Kc5 51. Kf6 Kd5 52. Kg7 Ke5
53. Kxh7 Kf5 54. Kh6 1-0

[Event "St. Pauli Open"]
[Site "Hamburg"]
[Date "2011.07.11"]
[Round "4.1"]
[White "Stigar, Petter"]
[Black "Svane, Rasmus"]
[Result "1/2-1/2"]
[WhiteElo "2298"]
[BlackElo "2346"]
[Annotator "Merijn van Delft"]
[PlyCount "32"]
[EventDate "2011.??.??"]
[BlackTeam "Lübecker SV von 1873"]

1. Nf3 d5 2. d4 Nf6 3. c4 e6 4. g3 {Katalanisch, eine dynamische Eröffnung mit
solider Grundlage. Weiß setzt darauf, dass sein Bg2 stärker ist als Bc8.
Schwarz kann sich auf unterschiedlichste Weisen aufbauen und gleicht in der
Regel aus, wenn er c5 durchsetzt.} Be7 5. Bg2 O-O 6. O-O dxc4 7. Qa4 ({Auf} 7.
Qc2 {ist} b5 $5 {in letzter Zeit beliebt.}) 7... a6 8. Qxc4 b5 9. Qc2 Bb7 10.
Bg5 {Eine solide Variante, die öfter von Großmeister Ulf Andersson, der
bekannt ist für seine feine Endspieltechnik, gespielt würde.} (10. Bd2 {ist
der meistgespielte Zug in dieser Stellung.}) 10... Nbd7 11. Bxf6 Nxf6 12. Nbd2
Rc8 13. Nb3 Be4 (13... c5 14. dxc5 Bd5 15. Rfd1 Qc7 16. Rac1 Bxb3 17. Qxb3 Bxc5
18. e3 Qb6 19. Ne5 Rc7 20. a4 Rfc8 21. axb5 axb5 22. Bf1 g6 23. Qxb5 Bxe3 24.
Qxb6 Bxb6 25. Rc4 Rxc4 26. Nxc4 Bc5 27. Kg2 Nd5 28. Be2 Be7 29. b3 Rb8 30. Bf3
Rxb3 {1/2-1/2 Aronian-Anand, Linares 2009}) 14. Qc3 Nd5 15. Qa5 (15. Qd2 {wird
hier öfter gespielt.}) 15... Bb4 16. Qxa6 {Das sieht gefährlich aus, aber die
Dame kann nicht gefangen werden.} c6 {Diese Stellung gab es schon ein paar mal
in der Turnierpraxis,} ({eine Zugwiederholung ist nicht unwahrscheinlich, zum
Beispiel} 16... c6 17. Ne5 Bxg2 18. Kxg2 Ne7 19. Rfc1 f6 20. Nf3 Ra8 21. Qb7
Rb8 22. Qa7 Ra8 23. Qb7 {1/2-1/2 Shipov-Masternak, Katowice 1992}) 1/2-1/2

[Event "St. Pauli Open"]
[Site "Hamburg"]
[Date "2011.07.11"]
[Round "4.10"]
[White "Voigt, Gerrit"]
[Black "Gottuk, Stefan"]
[Result "1/2-1/2"]
[WhiteElo "2142"]
[BlackElo "2229"]
[PlyCount "26"]
[EventDate "2011.??.??"]
[WhiteTeam "SK Union Eimsbuettel eV"]
[BlackTeam "SC Diogenes eV"]

1. Nc3 d5 2. e4 dxe4 3. Nxe4 Nc6 4. Nf3 Bg4 5. h3 Bh5 6. Ng3 Bg6 7. Bb5 Qd5 8.
c4 Qe6+ 9. Qe2 Qxe2+ 10. Kxe2 O-O-O 11. Bxc6 bxc6 12. Ne5 Kb7 13. h4 f6 1/2-1/2

[Event "St. Pauli Open - B"]
[Site "Hamburg"]
[Date "2011.07.11"]
[Round "4.1"]
[White "Kähler, Arne"]
[Black "Reher, Wolfgang"]
[Result "1-0"]
[WhiteElo "1804"]
[BlackElo "1875"]
[PlyCount "111"]
[EventDate "2011.??.??"]
[WhiteTeam "Elmshorner SC von 1896"]
[BlackTeam "Verein Segeberger SF"]

1. d4 e6 2. e4 b6 3. c4 Bb7 4. Nc3 Bb4 5. Bd3 f5 6. f3 Qh4+ 7. g3 Qh5 8. exf5
exf5 9. Bf4 Bxc3+ 10. bxc3 d6 11. Qe2+ Kf7 12. O-O-O Nf6 13. d5 Bc8 14. h4 Na6
15. Nh3 h6 16. Be3 Kg8 17. Rde1 Bd7 18. Nf4 Qf7 19. g4 fxg4 20. Bg6 Qe7 21. Qd3
Qf8 22. Bd4 h5 23. Ne6 Bxe6 24. Rxe6 Nc5 25. Qf5 Rh6 26. Bxc5 bxc5 27. f4 Nd7
28. Qg5 Qd8 29. Re8+ Qxe8 30. Bxe8 Rxe8 31. Kd1 Rf6 32. Qxh5 Re4 33. Qxg4 Rf7
34. Re1 Rexf4 35. Re8+ Nf8 36. Qe6 Kh7 37. Qc8 Kh6 38. Qd8 Nh7 39. Rh8 g6 40.
Kc2 Kg7 41. Rg8+ Kh6 42. Qe8 Kh5 43. Kb3 Kh6 44. Qe3 Nf8 45. h5 Kxh5 46. Qh3+
Rh4 47. Rh8+ Nh7 48. Qe6 Rhf4 49. Ra8 g5 50. Qe2+ Kh6 51. Rxa7 g4 52. Ra8 Nf8
53. Re8 Kg5 54. a4 g3 55. Re3 Rg4 56. Qd2 1-0

[Event "St. Pauli Open - B"]
[Site "Hamburg"]
[Date "2011.07.11"]
[Round "4.2"]
[White "Hall, Dean"]
[Black "Fria, Leandro"]
[Result "1/2-1/2"]
[WhiteElo "1744"]
[BlackElo "1830"]
[PlyCount "127"]
[EventDate "2011.??.??"]
[WhiteTeam "SSG Stotel/Loxstedt"]
[BlackTeam "Stader SV"]

1. e4 e6 2. d4 d5 3. Nc3 dxe4 4. Nxe4 Nd7 5. Nf3 Ngf6 6. Bd3 Nxe4 7. Bxe4 Nf6
8. Bg5 Be7 9. Bxf6 gxf6 10. c3 f5 11. Bc2 Qd5 12. Qe2 Bd7 13. Qe5 Qxe5+ 14.
Nxe5 Bb5 15. f4 Bd6 16. O-O-O Bxe5 17. dxe5 Bc6 18. Rhg1 Ke7 19. g3 Rag8 20.
Rdf1 h5 21. Bd1 h4 22. Bf3 Bxf3 23. Rxf3 hxg3 24. Rfxg3 Rxg3 25. hxg3 Rh2 26.
Rd1 Rh7 27. Kc2 f6 28. exf6+ Kxf6 29. Rd2 e5 30. fxe5+ Kxe5 31. Re2+ Kf6 32.
Rf2 Kg5 33. Kd2 Rf7 34. Rf4 Rh7 35. Ke3 Rh1 36. Rb4 b6 37. Rc4 Re1+ 38. Kf3 Re7
39. b4 Rh7 40. b5 Rh2 41. a4 Rh7 42. Rc6 Rd7 43. Rc4 Rd8 44. Kf2 Rd2+ 45. Ke3
Rd7 46. Rd4 Re7+ 47. Kf3 Re5 48. Rc4 Re7 49. g4 fxg4+ 50. Rxg4+ Kf5 51. Rf4+
Kg5 52. Re4 Rh7 53. Ke3 Kf5 54. Kd3 Rh3+ 55. Re3 Rh4 56. c4 Rh1 57. Kc2 Rh8 58.
Re2 Kf6 59. Kd3 Rh3+ 60. Re3 Rxe3+ 61. Kxe3 Ke5 62. Kd3 Kd6 63. Kd4 c5+ 64. Ke4
1/2-1/2

[Event "St. Pauli Open - B"]
[Site "Hamburg"]
[Date "2011.07.11"]
[Round "4.3"]
[White "Rohde, Patrick"]
[Black "Schwarz, Nico"]
[Result "1/2-1/2"]
[WhiteElo "1865"]
[BlackElo "1716"]
[PlyCount "50"]
[EventDate "2011.??.??"]
[WhiteTeam "Elmshorner SC von 1896"]
[BlackTeam "Stader SV"]

1. e4 c5 2. Nf3 d6 3. d4 cxd4 4. Nxd4 Nf6 5. Nc3 a6 6. Bg5 e6 7. Be2 b5 8. a3
Bb7 9. Qd3 Nbd7 10. Bf3 Ne5 11. Qe2 Be7 12. Bc1 Rc8 13. O-O Rc4 14. Nb3 Qc7 15.
Rd1 O-O 16. Bf4 Nfd7 17. Bg3 Rc8 18. Bh5 g6 19. f4 Rxc3 20. bxc3 Nc4 21. Bf3
Ndb6 22. Ra2 Na4 23. Be1 Ncb2 24. Rb1 Nc4 25. Rd1 Ncb2 1/2-1/2

[Event "St. Pauli Open - B"]
[Site "Hamburg"]
[Date "2011.07.11"]
[Round "4.4"]
[White "Kastner, Hannes"]
[Black "Schabel, Eberhard"]
[Result "1/2-1/2"]
[WhiteElo "1832"]
[BlackElo "1731"]
[PlyCount "57"]
[EventDate "2011.??.??"]
[WhiteTeam "Schachfreunde Gerresheim 86 e.V."]
[BlackTeam "SV Henstedt-Ulzburg e. V."]

1. d4 c6 2. c4 Nf6 3. Nc3 d5 4. cxd5 cxd5 5. Nf3 Nc6 6. Bf4 Qb6 7. e3 a6 8. Qb3
Qxb3 9. axb3 Bf5 10. Be2 e6 11. O-O Be7 12. Nb5 Kd7 13. Nc3 Nh5 14. Ne5+ Nxe5
15. Bxe5 f6 16. Bxh5 fxe5 17. dxe5 Rac8 18. Rfc1 Bc5 19. Na4 Ba7 20. Nc3 Bd3
21. Be2 Bxe2 22. Nxe2 Rxc1+ 23. Rxc1 Rc8 24. Rxc8 Kxc8 25. Nf4 Kd7 26. Nh5 d4
27. e4 d3 28. Kf1 Bd4 29. Nf4 1/2-1/2

[Event "St. Pauli Open - B"]
[Site "Hamburg"]
[Date "2011.07.11"]
[Round "4.5"]
[White "Wegner, Florian"]
[Black "Schwerdtfeger, Wolfgang"]
[Result "1-0"]
[WhiteElo "1753"]
[BlackElo "1793"]
[PlyCount "120"]
[EventDate "2011.??.??"]
[WhiteTeam "Verein Segeberger SF"]
[BlackTeam "Lübecker SV von 1873"]

1. e4 c5 2. Nc3 d6 3. g3 Nc6 4. Bg2 Nf6 5. d3 a6 6. Nge2 e6 7. O-O Be7 8. f4
Qc7 9. f5 Nd4 10. fxe6 Nxe2+ 11. Qxe2 Bxe6 12. Bf4 O-O 13. e5 Nd7 14. exd6 Bxd6
15. Bxb7 Rab8 16. Bxa6 Rxb2 17. Bb5 Nf6 18. a4 Bxf4 19. Rxf4 Nd5 20. Nxd5 Bxd5
21. Rc1 Ba8 22. Kf2 Rb4 23. Rc4 Qd6 24. Ke1 Rxc4 25. Bxc4 Bc6 26. Kd2 Bxa4 27.
Rf1 Qc7 28. Kc1 Kh8 29. Qh5 f6 30. Qd5 Qe7 31. Qe6 Qc7 32. Re1 h6 33. Qe7 Qb8
34. Qxc5 Rc8 35. Qa3 Bc6 36. Re7 Re8 37. Bf7 Rxe7 38. Qxe7 Qa8 39. Qc5 Bd7 40.
Bd5 Qe8 41. Be4 Be6 42. Qc6 Qg8 43. Qa8 Qxa8 44. Bxa8 Kg8 45. Kd2 Kf8 46. c4
Ke7 47. c5 g5 48. d4 f5 49. Ke3 Ba2 50. d5 Bb1 51. Bc6 Kd8 52. d6 Ba2 53. Bb5
Be6 54. c6 Kc8 55. Kd4 h5 56. Ke5 Bd7 57. cxd7+ Kd8 58. Bd3 f4 59. gxf4 gxf4
60. Kxf4 h4 1-0

[Event "St. Pauli Open - B"]
[Site "Hamburg"]
[Date "2011.07.11"]
[Round "4.8"]
[White "Holst, Marten"]
[Black "Skambraks, Torge"]
[Result "1-0"]
[WhiteElo "1774"]
[BlackElo "1461"]
[PlyCount "79"]
[EventDate "2011.??.??"]
[WhiteTeam "SV Diag.Harburg 1926 eV"]
[BlackTeam "SF Burg von 1966"]

1. d4 Nf6 2. Bg5 e6 3. e4 h6 4. Bxf6 Qxf6 5. Nf3 d5 6. e5 Qd8 7. Be2 c5 8. c3
Nc6 9. O-O Qb6 10. b3 Be7 11. Qd3 O-O 12. Bd1 cxd4 13. cxd4 Nb4 14. Qd2 Bd7 15.
Nc3 Rac8 16. a3 Nc6 17. b4 Qd8 18. Qd3 g6 19. Nd2 Be8 20. f4 Qc7 21. Rf3 a6 22.
g4 f6 23. Rh3 Kg7 24. Ne2 fxe5 25. fxe5 Nxe5 26. dxe5 Qxe5 27. Qd4 Bf6 28. Qxe5
Bxe5 29. Rb1 Bb5 30. Re3 Kf6 31. Nf3 Bd6 32. Bb3 Bc6 33. Ned4 e5 34. Nxc6 bxc6
35. Nxe5 Rfe8 36. Nd7+ Kg7 37. Rbe1 Rxe3 38. Rxe3 Rc7 39. Nc5 a5 40. Ne6+ 1-0

[Event "St. Pauli Open - B"]
[Site "Hamburg"]
[Date "2011.07.11"]
[Round "4.9"]
[White "Kossinz, Alex"]
[Black "Rosenburg, Hauke"]
[Result "1-0"]
[WhiteElo "1711"]
[BlackElo "1760"]
[PlyCount "107"]
[EventDate "2011.??.??"]
[WhiteTeam "Elmshorner SC von 1896"]
[BlackTeam "SF Burg von 1966"]

1. e4 d5 2. exd5 Qxd5 3. Nc3 Qa5 4. d4 Nf6 5. Bc4 Bf5 6. Nf3 c6 7. Bd2 Nbd7 8.
Qe2 e6 9. d5 cxd5 10. Nxd5 Qd8 11. Nxf6+ Nxf6 12. Bb5+ Nd7 13. Ne5 Bd6 14. Nxd7
Ke7 15. Ne5 a6 16. Bd3 Bxd3 17. Nxd3 Qb6 18. O-O Rac8 19. Bf4 Bxf4 20. Nxf4
Qxb2 21. Rfb1 Qxc2 22. Rxb7+ Kf6 23. Qxc2 Rxc2 24. a4 Rd8 25. Rb3 Ra2 26. Rbb1
Rad2 27. h4 R8d4 28. g3 Rd6 29. Ra3 e5 30. Nh3 h6 31. Rab3 Ke6 32. Rb6 Rxb6 33.
Rxb6+ Rd6 34. Rb4 Rd4 35. Nf4+ Kf5 36. Rxd4 exd4 37. f3 Ke5 38. Nd3+ Kd5 39.
Nb4+ Kc4 40. Nxa6 d3 41. Kf1 d2 42. Ke2 Kb3 43. Kxd2 Kxa4 44. Kc3 Kb5 45. Nb4
Kc5 46. Nd3+ Kd5 47. Nf4+ Ke5 48. Kd3 g6 49. Ke3 Kf5 50. Kd4 g5 51. hxg5 Kxg5
52. Ke5 f6+ 53. Ke6 f5 54. Ke5 1-0

[Event "St. Pauli Open - B"]
[Site "Hamburg"]
[Date "2011.07.11"]
[Round "4.10"]
[White "Angeli, Rudolf"]
[Black "Vokroj, Gabriela"]
[Result "0-1"]
[WhiteElo "1724"]
[BlackElo "1855"]
[PlyCount "76"]
[EventDate "2011.??.??"]
[WhiteTeam "Volksdorfer SK 1948"]
[BlackTeam "Austria Wien"]

1. d4 Nf6 2. Nc3 d5 3. Bg5 e6 4. e4 dxe4 5. Nxe4 Be7 6. Bxf6 Bxf6 7. Nf3 O-O 8.
c3 Nd7 9. g4 Bh4 10. Bd3 f5 11. gxf5 exf5 12. Ng3 Re8+ 13. Ne2 Nf8 14. Qc2 g6
15. Rg1 Kh8 16. Ne5 Be6 17. Nf4 Bg8 18. O-O-O Bg5 19. Qd2 Ne6 20. Nfxg6+ hxg6
21. Nxg6+ Kh7 22. f4 Kxg6 23. Qf2 Qd5 24. Rxg5+ Nxg5 25. Rg1 Be6 26. Qh4 Rg8
27. Be2 Kf7 28. fxg5 Qxa2 29. g6+ Ke8 30. Qf6 Kd7 31. d5 Bxd5 32. Qxf5+ Be6 33.
Rd1+ Ke7 34. Qc5+ Ke8 35. Qh5 Qa1+ 36. Kc2 Qa4+ 37. Kc1 Qf4+ 38. Kc2 Qf5+ 0-1

[Event "St. Pauli Open - B"]
[Site "Hamburg"]
[Date "2011.07.11"]
[Round "4.11"]
[White "Feldhaus, Thomas"]
[Black "Andris, Valentin"]
[Result "0-1"]
[WhiteElo "1836"]
[BlackElo "1697"]
[PlyCount "130"]
[EventDate "2011.??.??"]
[WhiteTeam "FC ST.Pauli 1910 eV SAbt"]
[BlackTeam "Schachclub Barsbüttel e. V."]

1. e4 b6 2. d4 Bb7 3. Bd3 e6 4. Qe2 Nf6 5. Bg5 h6 6. Bh4 g5 7. Bg3 d5 8. Nd2 c5
9. dxc5 bxc5 10. exd5 Bxd5 11. Ngf3 Bg7 12. O-O O-O 13. Rad1 a5 14. Ne4 Qb6 15.
b3 Nbd7 16. a4 Rfd8 17. Nd6 Nh5 18. Nc4 Nxg3 19. hxg3 Qb7 20. Kh2 Nf6 21. Rh1
Ng4+ 22. Kg1 e5 23. Bf5 Bxf3 24. gxf3 Nf6 25. Rxd8+ Rxd8 26. Nxa5 Qa8 27. Nc4
Rd4 28. c3 Rd8 29. Be4 Qb8 30. Qc2 Qc7 31. g4 Nd5 32. Kh2 Nf4 33. Rd1 h5 34.
gxh5 Nxh5 35. Rxd8+ Qxd8 36. Qd2 Qf6 37. Nd6 Nf4 38. Nf5 Bf8 39. Kg1 Qh8 40.
Qd1 Qh3 41. Qf1 Qh8 42. c4 Qf6 43. a5 Qa6 44. Qe1 Qf6 45. Bb7 Qh8 46. Ne3 Nh3+
47. Kf1 Nf4 48. Kg1 Bd6 49. Ng2 Nxg2 50. Kxg2 e4 51. fxe4 Qh2+ 52. Kf1 Qh3+ 53.
Ke2 Qxb3 54. Bd5 Be5 55. Qd2 Bf4 56. Qe1 g4 57. e5 Bxe5 58. Kf1 Qh3+ 59. Bg2
Qd3+ 60. Kg1 f6 61. a6 Qd7 62. Bb7 g3 63. f3 Qh3 64. Bd5+ Kg7 65. Qe3 Bd4 0-1

[Event "St. Pauli Open - B"]
[Site "Hamburg"]
[Date "2011.07.11"]
[Round "4.12"]
[White "Retzlaff, Wolfgang"]
[Black "Indinger, Alexander"]
[Result "1-0"]
[WhiteElo "1677"]
[BlackElo "1833"]
[PlyCount "39"]
[EventDate "2011.??.??"]
[WhiteTeam "Pinneberger SC 1932 eV"]
[BlackTeam "Bille SC von 1924 e.V."]

1. g3 d5 2. Bg2 e5 3. d3 Nf6 4. Nf3 Nc6 5. O-O Bc5 6. c3 Bg4 7. Bg5 h6 8. Bxf6
Qxf6 9. Qb3 O-O-O 10. Nbd2 Rhe8 11. c4 e4 12. cxd5 exf3 13. dxc6 Qxc6 14. Nxf3
Be6 15. Qc3 g6 16. d4 Bb6 17. Qxc6 bxc6 18. e3 f6 19. Rfc1 Bd5 20. b4 1-0

[Event "St. Pauli Open - B"]
[Site "Hamburg"]
[Date "2011.07.11"]
[Round "4.13"]
[White "Cassens, Erhard Otto"]
[Black "Bücker, Simone"]
[Result "1-0"]
[WhiteElo "1830"]
[BlackElo "1658"]
[PlyCount "91"]
[EventDate "2011.??.??"]
[WhiteTeam "SAbt SV Lurup Hamb. 1923"]
[BlackTeam "SV Holstein Quickborn"]

1. f4 d5 2. Nf3 g6 3. g3 Bg7 4. Bg2 Nf6 5. d3 O-O 6. c3 c5 7. a4 b6 8. O-O Nc6
9. Qc2 Re8 10. e4 e6 11. Na3 Bb7 12. Bd2 Qc7 13. Nb5 Qe7 14. e5 Nh5 15. Nd6
Red8 16. Nxb7 Qxb7 17. g4 Nxf4 18. Bxf4 Qc7 19. Qe2 Rac8 20. Bg3 d4 21. c4 Re8
22. Rae1 Qb7 23. Ng5 Rf8 24. Ne4 Qe7 25. Nf6+ Kh8 26. Bxc6 Rxc6 27. Qe4 Rcc8
28. h4 Bh6 29. g5 Bg7 30. Re2 Qc7 31. h5 Bxf6 32. gxf6 gxh5 33. Rh2 Rg8 34. Kf2
Rg4 35. Bf4 Qc6 36. Kf3 Qxe4+ 37. Kxe4 h6 38. Rxh5 Kh7 39. Rfh1 Rg6 40. Rxh6+
Rxh6 41. Rxh6+ Kg8 42. Bd2 Rb8 43. Rh1 Rb7 44. Bh6 Kh7 45. Bf8+ Kg6 46. Kf4 1-0

[Event "St. Pauli Open - B"]
[Site "Hamburg"]
[Date "2011.07.11"]
[Round "4.14"]
[White "Meyer, Thomas"]
[Black "Schaeffer, Philipp"]
[Result "1-0"]
[WhiteElo "1775"]
[BlackElo "1640"]
[PlyCount "63"]
[EventDate "2011.??.??"]
[WhiteTeam "Bergstedter SK von 1962"]
[BlackTeam "SK Johanneum Eppendorf"]

1. e4 c5 2. f4 d5 3. Nc3 dxe4 4. Nxe4 e6 5. Bb5+ Bd7 6. Qe2 a6 7. Bxd7+ Qxd7 8.
Nf3 Nc6 9. O-O Be7 10. d3 Nh6 11. Be3 Nd4 12. Bxd4 cxd4 13. Ne5 Qc7 14. Rac1
O-O 15. c3 dxc3 16. Rxc3 Qb6+ 17. Kh1 Rfd8 18. Rfc1 f6 19. Nc4 Qd4 20. Ng3 Qxf4
21. Qxe6+ Kf8 22. Nb6 Ng4 23. Rc7 Nf2+ 24. Kg1 Qd6 25. Qxd6 Bxd6 26. Nxa8 Nxd3
27. Rc8 Nxc1 28. Rxd8+ Ke7 29. Rc8 Nxa2 30. Nf5+ Kd7 31. Nxd6 Kxd6 32. Rg8 1-0

[Event "St. Pauli Open - B"]
[Site "Hamburg"]
[Date "2011.07.11"]
[Round "4.15"]
[White "Kololli, Martin"]
[Black "Keuneke, Hanno"]
[Result "1-0"]
[WhiteElo "1639"]
[BlackElo "1774"]
[PlyCount "59"]
[EventDate "2011.??.??"]
[WhiteTeam "Lübecker SV von 1873"]
[BlackTeam "Langenhorner SF 1928"]

1. e4 e5 2. Nf3 Nc6 3. Bc4 Be7 4. d3 Nf6 5. Nc3 d6 6. Be3 Na5 7. Bb3 Nxb3 8.
axb3 O-O 9. O-O Bg4 10. Re1 a6 11. h3 Bh5 12. d4 Nd7 13. dxe5 Nxe5 14. g4 Nxf3+
15. Qxf3 Bg6 16. Qg2 c6 17. f4 h6 18. Rad1 Qc7 19. f5 Bh7 20. Qg3 Rad8 21. h4
Rd7 22. g5 Kh8 23. Re2 f6 24. g6 Bg8 25. Bxh6 d5 26. Bf4 Bd6 27. Bxd6 Qxd6 28.
Qg4 Bh7 29. Qh5 Qg3+ 30. Kh1 1-0

[Event "St. Pauli Open - B"]
[Site "Hamburg"]
[Date "2011.07.11"]
[Round "4.16"]
[White "Raedisch, Peter"]
[Black "McClung, Gregory"]
[Result "0-1"]
[WhiteElo "1757"]
[BlackElo "1583"]
[PlyCount "80"]
[EventDate "2011.??.??"]
[WhiteTeam "SF Hamburg eV 1934"]
[BlackTeam "Hamburger SK von 1830 eV"]

1. e4 c5 2. Bc4 e6 3. c3 a6 4. d4 b5 5. Be2 Bb7 6. Bf3 Nc6 7. Nh3 Nf6 8. Be3 c4
9. Bg5 Be7 10. Bxf6 Bxf6 11. e5 Be7 12. Nd2 d6 13. Qe2 Qc7 14. O-O O-O-O 15. a4
dxe5 16. axb5 axb5 17. Bxc6 Qxc6 18. f3 exd4 19. cxd4 Rxd4 20. Ne4 f5 21. Nc3
Rhd8 22. Rfe1 R8d6 23. Qe5 Rg4 24. Re2 Bf6 25. Qxb5 Qxf3 26. Qc5+ Kd7 27. Kh1
Rxg2 28. Qb5+ Ke7 29. Qxb7+ Qxb7 30. Rxg2 Rd2 31. Nf4 g5 32. Kg1 Bd4+ 33. Kf1
Qf3+ 34. Ke1 gxf4 35. Rxd2 Be3 36. Ra4 Qh1+ 37. Ke2 Qxh2+ 38. Ke1 Qg3+ 39. Ke2
Qf2+ 40. Kd1 Qxd2# 0-1

[Event "St. Pauli Open - B"]
[Site "Hamburg"]
[Date "2011.07.11"]
[Round "4.17"]
[White "Xin, Ruidi"]
[Black "Kamm, Karsten"]
[Result "1-0"]
[WhiteElo "1752"]
[BlackElo "1491"]
[PlyCount "45"]
[EventDate "2011.??.??"]
[WhiteTeam "SC Diogenes eV"]
[BlackTeam "FC ST.Pauli 1910 eV SAbt"]

1. e4 c5 2. a3 g6 3. h4 h5 4. Bc4 Nc6 5. Nc3 d6 6. d3 Bg7 7. Nge2 Nd4 8. Nxd4
Bxd4 9. Qf3 Nf6 10. Ne2 Bg4 11. Qg3 Bxe2 12. Kxe2 Qd7 13. c3 Be5 14. f4 Qg4+
15. Qxg4 Nxg4 16. fxe5 Nxe5 17. Bb5+ Kd8 18. d4 Ng4 19. dxc5 a6 20. Ba4 Nf6 21.
cxd6 Nxe4 22. dxe7+ Kxe7 23. Kf3 1-0

[Event "St. Pauli Open - B"]
[Site "Hamburg"]
[Date "2011.07.11"]
[Round "4.18"]
[White "Rockel, Marcus"]
[Black "Krüger, David"]
[Result "0-1"]
[WhiteElo "1622"]
[BlackElo "1740"]
[PlyCount "64"]
[EventDate "2011.??.??"]
[WhiteTeam "Hamburger SK von 1830 eV"]
[BlackTeam "SV Eidelstedt"]

1. d4 d5 2. c4 c6 3. Nf3 Nf6 4. Nc3 e6 5. Bg5 h6 6. Bxf6 Qxf6 7. e3 Nd7 8. Rc1
Bd6 9. Bd3 O-O 10. O-O a6 11. e4 dxc4 12. e5 Qd8 13. Bb1 Be7 14. Qc2 g6 15. g3
b5 16. h4 Re8 17. h5 Nf8 18. hxg6 fxg6 19. Kg2 Bb7 20. Rh1 Bg5 21. Nxg5 Qxg5
22. f3 c5 23. dxc5 Rad8 24. Rcd1 Rxd1 25. Qxd1 Rd8 26. Qe1 Rd2+ 27. Kg1 Bxf3
28. Ne4 Rg2+ 29. Kf1 Qxe5 30. Rxh6 Qxb2 31. g4 Re2 32. Rh8+ Qxh8 0-1

[Event "St. Pauli Open - B"]
[Site "Hamburg"]
[Date "2011.07.11"]
[Round "4.20"]
[White "Marquardt, Rolf"]
[Black "Lange, Anika"]
[Result "1/2-1/2"]
[WhiteElo "1851"]
[BlackElo "1627"]
[PlyCount "84"]
[EventDate "2011.??.??"]
[WhiteTeam "Langenhorner SF 1928"]
[BlackTeam "SK Delmenhorst"]

1. d4 d5 2. Bf4 e6 3. e3 c5 4. c3 Nc6 5. Bd3 Bd6 6. Bg3 Nf6 7. Nd2 O-O 8. Ngf3
Qe7 9. Ne5 Nd7 10. f4 f6 11. Bh4 Qe8 12. Nef3 e5 13. fxe5 fxe5 14. dxe5 Ndxe5
15. Be2 Nxf3+ 16. Nxf3 Qe4 17. Bf2 Rd8 18. Qd2 Bc7 19. Bd3 Qe8 20. O-O-O Ne5
21. Nxe5 Bxe5 22. h3 Be6 23. g4 Rac8 24. Qc2 g6 25. Rde1 Qc6 26. Kb1 a6 27. Bh4
Rf8 28. Rhf1 b5 29. Rf2 Rc7 30. Rxf8+ Kxf8 31. Rf1+ Rf7 32. Qe2 Qd7 33. Qg2
Rxf1+ 34. Bxf1 Qf7 35. Kc2 Ke8 36. Qe2 Bg7 37. Bg2 Kf8 38. Bg5 h6 39. Bf4 Kg8
40. Qf3 g5 41. Bd6 Qxf3 42. Bxf3 Bf8 1/2-1/2

[Event "St. Pauli Open - B"]
[Site "Hamburg"]
[Date "2011.07.11"]
[Round "4.21"]
[White "Weidmann, Kevin"]
[Black "Meyer, Christoph"]
[Result "0-1"]
[WhiteElo "1617"]
[BlackElo "1795"]
[PlyCount "84"]
[EventDate "2011.??.??"]
[WhiteTeam "Hamburger SK von 1830 eV"]
[BlackTeam "Stader SV"]

1. e4 c5 2. Nf3 d6 3. d4 cxd4 4. Nxd4 Nf6 5. Nc3 g6 6. Be3 Bg7 7. f3 O-O 8. Qd2
Nc6 9. O-O-O Bd7 10. g4 Qa5 11. h4 h5 12. Nb3 Qc7 13. Be2 Ne5 14. gxh5 Nxh5 15.
Nd5 Qd8 16. Rdg1 Rc8 17. Bg5 Re8 18. Nf4 Kh7 19. Nxh5 gxh5 20. Bf4 f6 21. Be3
Rg8 22. f4 Ng4 23. f5 Nxe3 24. Rxg7+ Rxg7 25. Qxe3 Qe8 26. Nd4 Qf7 27. b3 Rcg8
28. Kb2 Rg3 29. Qf4 Bc6 30. Ne6 R3g4 31. Bxg4 Rxg4 32. Qf2 Bxe4 33. Rf1 Rg2 34.
Qxa7 Rxc2+ 35. Ka3 Qg8 36. Qe3 Qa8+ 37. Kb4 Rxa2 38. Qxe4 Qa5+ 39. Kc4 d5+ 40.
Qxd5 Rc2+ 41. Kd3 Qxd5+ 42. Kxc2 Qg2+ 0-1

[Event "St. Pauli Open - B"]
[Site "Hamburg"]
[Date "2011.07.11"]
[Round "4.22"]
[White "Olschok, Juergen"]
[Black "Rosenburg, Thies"]
[Result "1/2-1/2"]
[WhiteElo "1794"]
[BlackElo "1575"]
[PlyCount "118"]
[EventDate "2011.??.??"]
[WhiteTeam "FC ST.Pauli 1910 eV SAbt"]
[BlackTeam "SF Burg von 1966"]

1. e4 c6 2. d4 d5 3. Nc3 dxe4 4. Nxe4 Bf5 5. Ng3 Bg6 6. Nf3 Nd7 7. Bc4 Ngf6 8.
Qe2 e6 9. Bf4 Nb6 10. O-O-O Nxc4 11. Qxc4 Nd5 12. Bd2 Qc7 13. Ne5 O-O-O 14.
Rhe1 Bd6 15. Qa4 Kb8 16. Ba5 Nb6 17. Qb3 c5 18. Nxg6 hxg6 19. dxc5 Bxc5 20.
Rxd8+ Rxd8 21. Qf3 Re8 22. Ne4 Rc8 23. Nxc5 Qxc5 24. Bc3 Nd5 25. Qxf7 Nxc3 26.
Qf4+ e5 27. Rxe5 Nxa2+ 28. Kb1 Qxc2+ 29. Kxa2 Qc4+ 30. Qxc4 Rxc4 31. Re7 Rc7
32. Re8+ Rc8 33. Re7 Rc7 34. Re6 Rc6 35. Re2 Kc8 36. Kb3 Kd7 37. Re4 Rf6 38. f3
Re6 39. Rg4 Kc6 40. Kc3 a5 41. Rg5 b5 42. h4 Rf6 43. Re5 Rd6 44. f4 Rf6 45. g3
Rd6 46. Re8 Rd7 47. Re6+ Kd5 48. Rxg6 Ke4 49. Rg5 Rb7 50. Rg6 Kf3 51. Kd4 Rc7
52. f5 a4 53. g4 Kf4 54. h5 b4 55. Kd5 a3 56. bxa3 bxa3 57. Ra6 Kxg4 58. Ke5
Kxh5 59. Rxa3 Rc5+ 1/2-1/2